Statistiques concernant Cours d'eau de France par villes traversées 2

Cliquez ici pour prendre le quiz!

Statistiques générales

  • Ce quiz a été pris 62 fois
  • Le résultat moyen est 10 sur 15

Statistiques - réponses

DifficultéVillesCours d'eau% Correct
FacileSaumur - Blois - MoulinsLoire
100%
FacileChalampé - Kembs - StrasbourgRhin
93%
FacileChâlon en Champagne - Epernay - Noisy le GrandMarne
89%
FacileThionville - Épinal - MetzMoselle
89%
MoyenCapdenac Gare - Cahors - Villeneuve sur ***Lot
86%
FacileAuxerre - Sens - ClamecyYonne
79%
MoyenLe Mans - Alençon - TiercéSarthe
75%
MoyenAbbeville - Amiens - Saint QuentinSomme
75%
MoyenSoissons - Rethel - AttignyAisne
68%
MoyenBayonne - Dax - TarbesAdour
60%
DifficileAubusson - Descartes - La Roche PosayCreuse
46%
DifficileDinan - Saint Malo - CaulnesLa Rance
44%
DifficileSaint Lô - Isigny sur mer - Pont HébertLa Vire
32%
DifficileSarreguemines - Sarrable - SarrebourgSarre
30%
DifficileÉtaples - Hesdin - FréventCanche
14%

Distribution des résultats

Percentile par nombre de réponses

% des personnes avec chaque résultat

Votre développement - résultats

Vous n’avez pas pris ce quiz